000 00872nam a2200277Ia 4500
001 Para_9098
003 CHAP
008 220125s2006 xx 000 0 und d
010 _a207821
040 _cCHAP
090 _aPA TESIS 1956
100 _aLuque Magaña, Beatriz
_969176
245 _aLa entomología como una herramienta en la medicina legal /
_c por Beatriz Luque Magaña
260 _aChapingo, Méx. :
_b el autor
300 _a84 h.
502 _aTesis (Ing. Agr. Esp. en Parasitología Agrícola) -- UACh. Departamento Parasitología Agrícola
650 _aEntomología médica
_937152
710 _aUACh. Departamento Parasitología Agrícola
_9164025
901 _aPA TESIS 1956
902 _aA
905 _a0000002006 an 0000000000spa00
910 _a2006
942 _cPARA
942 _cPARA
_d2
999 _c207821
_d207821